Atatürkçülük (Record no. 9400)

MARC details
000 -BAŞLIK
Sabit Uzunlukta Kontrol Alanı 00887na a2200241 4500
001 - KONTROL NUMARASI
Denetim Alanı 13654
003 - KONTROL NUMARASI IDENTIFIER
Denetim Alanı MIRAKIL
005 - SON İŞLEM TARİHİ VE ZAMANI
Denetim Alanı 20181213155245.0
008 - SABİT-BOY VERİ ELEMANLARI - GENEL BİLGİLER
Sabit Uzunlukta Kontrol Alanı 160919b tu 000 0
035 ## - SİSTEM KONTROL NUMARASI
Sistem Kontrol Numarası 13654
040 ## - KATALOGLAMA KAYNAK
Orijinal Kataloglama Ajansı Milas
Kataloglama Dili tur
Metne Dönüştürmek Ajansı TR-AnCHP
082 ## - DEWEY ONLU SINIFLANDIRMA NUMARASI
Sınıflandırma Numarası ATA 923.156
Ürün Numarası A72 1988
090 ## - SINIFLAMA NUMARASI
Sınıflama Numarası ATA 923.156 A72 1988
245 ## - BAŞLIK TABLOSU
Başlık Atatürkçülük
Sorumluluk Tablosu, Vb Genel Kurmay Başkanlığı
260 ## - YAYIN, DAĞITIM, VB
Yayın, Dağıtım, Vb Yeri İstanbul
Yayıncı, Dağıtıcı, Vs Adı Milli Eğitim Basımevi
Yayın, Dağıtım, Vb Tarihi 1988
300 ## - FİZİKSEL TANIM
Kapsam 3 c.
Boyutlar 24 sm.
504 ## - KAYNAKÇA VB NOT
Kaynakça Vb Notu Dizin var.
505 ## - BİÇİMLENDİRİLDİ İÇİNDEKİLER NOT
Biçimlendirilmiş İçeriği Dikkat Birinci kitap: Atatürk'ün görüş ve direktifleri -- İkinci kitap: Atatürk'ün görüş ve direktifleri -- Üçüncü kitap: Atatürkçü düşünce sistemi
600 ## - KONU KATMA GİRİŞ - KURUMSAL ADI
Kişisel Ad Atatürk, Mustafa Kemal
Bir Adıyla İlişkilendirilen Tarihler 1881-1938
Genel Alt Bölümü Atatürk devrimleri
600 ## - KONU KATMA GİRİŞ - KURUMSAL ADI
Kişisel Ad Atatürk, Mustafa Kemal
Bir Adıyla İlişkilendirilen Tarihler 1881-1938
Genel Alt Bölümü Demokrasi
600 ## - KONU KATMA GİRİŞ - KURUMSAL ADI
Kişisel Ad Atatürk, Mustafa Kemal
Bir Adıyla İlişkilendirilen Tarihler 1881-1938
Genel Alt Bölümü Ekonomik yaşam
942 ## - EKLENDİ GİRİŞ ELEMANLARI (KOHA)
Sınıflandırma Veya Raf Düzeni Kaynak
Koha Öğesi Türü Books
999 ## - SİSTEM KONTROL NUMARALARI (KOHA)
Koha Biblionumber 9400
Koha Biblioitemnumber 9400
Holdings
Kalıcı Konum Mevcut Konum Edinme Tarihi Edinim Kaynak Toplam Check-Out'Lar Tam Çağrı Numarası Barkod Tarih Son Görülme İtibaren Geçerli Fiyatlar Koha Öğesi Türü Seri Numaralandırma / Kronolojik Kopya Sayısı
CHP Kütüphanesi CHP Kütüphanesi 08/15/2016 Bağış   ATA 923.156 A72 1988 001621 08/15/2016 08/15/2016 Books    
CHP Kütüphanesi CHP Kütüphanesi 08/18/2016 Bağış   ATA 923.156 A72 1988 001622 08/18/2016 08/18/2016 Books    
CHP Kütüphanesi CHP Kütüphanesi 08/18/2016 Bağış   ATA 923.156 A72 1988 001623 08/18/2016 08/18/2016 Books c.2  
CHP Kütüphanesi CHP Kütüphanesi 08/18/2016 Bağış   ATA 923.156 A72 1988 001624 08/18/2016 08/18/2016 Books c.3 k.2
CHP Kütüphanesi CHP Kütüphanesi 08/18/2016 Bağış   ATA 923.156 A72 1988 001625 08/18/2016 08/18/2016 Books c.3 k.3
CHP Kütüphanesi CHP Kütüphanesi 08/18/2016 Bağış   ATA 923.156 A72 1988 001626 08/18/2016 08/18/2016 Books c.3 k.4
CHP Kütüphanesi CHP Kütüphanesi 08/18/2016 Bağış   ATA 923.156 A72 1988 001627 08/18/2016 08/18/2016 Books c.3 k.5